| 000 | 00000nam##2200000za#4500 |
| 001 | 9.574090 |
| 003 | CaOODSP |
| 005 | 20210624184020 |
| 007 | cr ||||||||||| |
| 008 | 150406|2003||||xxc|||||o f|0| 0 eng|d |
| 022 | |a1488-5379 |
| 040 | |aCaOODSP|beng |
| 043 | |an-cn--- |
| 086 | 1 |aFs97-6/2509E-PDF |
| 110 | 1 |aCanada. |bDepartment of Fisheries and Oceans. |bPacific Region. |
| 245 | 10|aForestry impacts on fish habitat in the northern interior of British Columbia : |h[electronic resource]|ba compendium of research from the Stuart-Takla Fish-Forestry Interaction Study / |c[edited] by E.A. MacIsaac. |
| 260 | |aBurnaby - British Columbia : |bFisheries and Oceans Canada. |cc2003. |
| 300 | |a273p.|bfigs., graphs, maps, references, tables, photographs |
| 490 | 1 |aCanadian technical report of fisheries and aquatic sciences|x1488-5379|vNo. 2509 |
| 500 | |aThe catalogue number (Fs97-6/2509E) and ISSN (0706-6457) for the print edition have been incorrectly copied in this electronic publication. |
| 546 | |a(Résumé en français) |
| 590 | |a12-23-Supp|b2012-05-28 |
| 720 | 1 |aMacIsaac, E. A. |
| 776 | 0#|tForestry impacts on fish habitat in the northern interior of British Columbia : |w(CaOODSP)9.618563 |
| 830 | #0|aCanadian technical report of fisheries and aquatic sciences,|x1488-5379|vNo. 2509|w(CaOODSP)9.504449 |
| 856 | 40|ahttp://publications.gc.ca|qPDF|s4.72 MB|uhttps://publications.gc.ca/collections/collection_2012/mpo-dfo/Fs97-6-2509-eng.pdf|yNo. 2509 |